|
|
|
|
| LEADER |
00000nam0a2200000 4500 |
| 001 |
292534 |
| 005 |
20231102000514.0 |
| 035 |
|
|
|a (RuTPU)RU\TPU\book\317169
|
| 090 |
|
|
|a 292534
|
| 100 |
|
|
|a 20150423d1968 k y0rusy50 ca
|
| 101 |
0 |
|
|a rus
|
| 102 |
|
|
|a RU
|
| 105 |
|
|
|a a z 001zy
|
| 200 |
1 |
|
|a Защита от гамма-излучения источников цилиндрической формы
|f Д. П. Осанов, Е. Е. Ковалёв
|
| 210 |
|
|
|a Москва
|c Атомиздат
|d 1968
|
| 215 |
|
|
|a 118 с.
|c ил.
|
| 320 |
|
|
|a Библиогр.: с. 117.
|
| 606 |
1 |
|
|a Ионизирующие излучения
|x Источники
|x Ядерная техника
|2 stltpush
|3 (RuTPU)RU\TPU\subj\13055
|9 39737
|
| 606 |
1 |
|
|a Ионизирующие излучения
|x Защита
|2 stltpush
|3 (RuTPU)RU\TPU\subj\13051
|9 39733
|
| 610 |
1 |
|
|a гамма-излучения
|
| 610 |
1 |
|
|a цилиндрические источники
|
| 610 |
1 |
|
|a гамма-лучи
|
| 610 |
1 |
|
|a рассеяние
|
| 610 |
1 |
|
|a защитные устройства
|
| 610 |
1 |
|
|a номограммы
|
| 610 |
1 |
|
|a расчеты
|
| 675 |
|
|
|a 621.039.8
|v 3
|
| 675 |
|
|
|a 614.876
|v 3
|
| 700 |
|
1 |
|a Осанов
|b Д. П.
|g Дмитрий Павлович
|
| 701 |
|
1 |
|a Ковалёв
|b Е. Е.
|g Евгений Евгеньевич
|
| 801 |
|
1 |
|a RU
|b 63413507
|c 20150423
|
| 801 |
|
2 |
|a RU
|b 63413507
|c 20150429
|g RCR
|
| 942 |
|
|
|c BK
|